Mere Christianity: a revised and enlarged edition with a new introduction, of the three books. The case for Christianity, Christian behaviour, and Beyond personality

Spremljeno u:
Bibliografski detalji
Glavni autor: Lewis, C. S (Autor)
Format: Knjiga
Jezik:engleski
Izdano: Nueva York MacMillan Publishing Company 1960
Izdanje:1a. ed
Teme:
Oznake: Dodaj oznaku
Bez oznaka, Budi prvi tko označuje ovaj zapis!

MARC

LEADER 00000nam a2200000 a 4500
001 UCG4945
003 CL-VaPUC
008 101216e19600000US |||||||||||||||||eng|d
020 |a 0020868308 
082 0 4 |a 201  |b LEW  |2 21 
100 |a Lewis, C. S  |e author  |9 328236 
245 1 0 |a Mere Christianity: a revised and enlarged edition with a new introduction, of the three books. The case for Christianity, Christian behaviour, and Beyond personality 
250 |a 1a. ed 
300 |a 190 p 
942 |c BK 
945 |d 20101216 00:00:00  |a dcastane 
260 |a Nueva York  |b MacMillan Publishing Company  |c 1960 
650 0 |a Cristianismo  |9 257361 
583 |a last modification  |c 20101216 00:00:00  |k Rodrigo Vera 
999 |c 343544  |d 343542 
952 |0 0  |1 0  |4 0  |6 201_000000000000000_LEW_1960  |7 0  |8 A  |9 440920  |a BIBEDU  |b BIBEDU  |d 2019-11-22  |i 4741080  |l 1  |o 201 LEW 1960  |p 4741080  |r 2024-12-16  |s 2024-12-06  |w 2019-11-22  |y BK  |k LIT